A relação entre o sistema arbitral e o poder judiciário / (Record no. 324)

MARC details
000 -LÍDER
Campo Fixo de Controle 00805cam a2200265 a 4500
001 - NÚMERO DE CONTROLE
Campo de Controle 324
003 - IDENTIFICAÇÃO DO NÚMERO DE CONTROLE
Campo de Controle BR-CuiBMT
005 - DATA E HORA DA ÚLTIMA ATUALIZAÇÃO
Campo de Controle 20231108000816.0
008 - DADOS FIXOS
Dados Fixos 231018s2011 mgb 000 0 por d
020 ## - INTERNATIONAL STANDARD BOOK NUMBER
Nº do ISBN 9788577004874
040 ## - AGÊNCIA CATALOGADORA
Código da Agência Catalogadora BR-CuiBMT
Agência que transcreveu o registro BR-CuiBMT
080 ## - Nº DA CLASSIFICAÇÃO DECIMAL UNIVERSAL
Nº edição CDU 2007
Nº Class. CDU 347.918
090 ## - NÚMERO DE CHAMADA
Nº classificação 347.918
Cutter A524a
100 1# - ENTRADA PRINCIPAL -- AUTOR PESSOAL
Nome pessoal Amorim, Aureliano Albuquerque
245 12 - TÍTULO PRINCIPAL
Título principal A relação entre o sistema arbitral e o poder judiciário /
Indicação de responsabilidade Aureliano Albuquerque Amorim ; prefácio: Vítor Barboza Lenza.
250 ## - EDIÇÃO
Edição 2. ed., rev. e ampl.
260 ## - PUBLICAÇÃO, DISTRIBUIÇÃO, ETC.
Local de publicação Belo Horizonte:
Editora Fórum,
Data 2011.
300 ## - DESCRIÇÃO FÍSICA
N. páginas ou volumes 234. p ;
Dimensões 22 cm
504 ## - NOTA DE BIBLIOGRAFIA, ETC.
Nota de bibliografia Inclui bibliografia.
650 ## - ASSUNTO TÓPICO
Cabeçalho tópico ou nome geográfico Direito arbitral
650 ## - ASSUNTO TÓPICO
Cabeçalho tópico ou nome geográfico Direito civil
650 ## - ASSUNTO TÓPICO
Cabeçalho tópico ou nome geográfico Direito processual civil
650 ## - ASSUNTO TÓPICO
Cabeçalho tópico ou nome geográfico Direito empresarial
942 ## - ELEMENTOS DE ENTRADA ADICIONAIS (KOHA)
Fonte de classificação ou esquema de arquivamento Classificação Decimal Universal
Tipo de item do Koha Livros
Holdings
Estado: removido Estado: perdido Fonte de classificação ou esquema de arquivamento Estado: danificado Indisponível para empréstimo Localização permanente Localização atual Data de aquisição Total Checkouts Número de Chamada completo Código de barras Date last seen Número do exemplar Preço efetivo a partir de Tipo de item (Koha)
    Classificação Decimal Universal     Biblioteca da Escola Superior de Contas do TCE/MT Biblioteca da Escola Superior de Contas do TCE/MT 18/10/2023   347.918 A524a 2. ed. BIBTCEMT23100023 18/10/2023 Ex. 1 18/10/2023 Livros
    Classificação Decimal Universal     Biblioteca da Escola Superior de Contas do TCE/MT Biblioteca da Escola Superior de Contas do TCE/MT 18/10/2023   347.918 A524a 2. ed. BIBTCEMT23100024 18/10/2023 Ex. 2 18/10/2023 Livros

Powered by Koha